00530nam a2200193Ia 45000010005000000030007000050050017000120080041000290200016000700400011000860410008000970800015001051000019001202450043001392640032001823000028002146530025002426530069002677743GE_BSU20221114145532.0181216s2011en xx |||||||||||||| ||eng|| a0486481565x cGE_BSU aeng a741.2 L-95 aLohan,Frank J. 4aThe drawing Handbook /cFrank J. Lohan aNew York :bMineola,c2011. a212 p.:b Ill.c 28 cm. aThe drawing Handbook aნახატის სახელმძღვანელო